| 000 | 00890pam a2200265 a 4500 | ||
|---|---|---|---|
| 001 | 1999247 | ||
| 005 | 20251014143336.0 | ||
| 008 | 900821s1992 nyuab 001 0 eng | ||
| 020 | _a0827340508 | ||
| 020 | _a9780827340503 | ||
| 050 | 0 | 0 |
_aS591 _b.P513 1992 |
| 082 | 0 | 0 |
_a631.4 _220 |
| 100 | 1 | _aPlaster, Edward J. | |
| 245 | 1 | 0 |
_aSoil science and management / _cEdward J. Plaster ; consulting editor for agriculture, H. Edward Reiley. |
| 250 | _a2nd ed. | ||
| 260 |
_aAlbany, N.Y. : _bDelmar Publishers, _cc1992. |
||
| 300 |
_axii, 514 p. : _bill., maps ; _c24 cm. |
||
| 500 | _aCover title: Soil science & management. | ||
| 500 | _aIncludes index. | ||
| 650 | 0 | _aSoil science. | |
| 650 | 0 | _aSoil management. | |
| 700 | 1 | _aReiley, H. Edward. | |
| 856 | 4 | 2 |
_3Contributor biographical information _uhttp://www.loc.gov/catdir/enhancements/fy1513/90046969-b.html |
| 942 |
_2lcc _cBK _n0 |
||
| 999 |
_c7791 _d7791 |
||